000
00340nam a22001457a 4500
008
210312b ||||| |||| 00| 0 eng d
020
_a
145767548x
041
_a
eng
080
_2
2nd
_a
82
082
_a
82
100
_a
21
101
_a
GJL
245
_a
How to Write Anything a Guide and Reference
_c
Ruszkiewicz, J. J
942
_2
udc
_c
BK
999
_c
56543
_d
56543